| 000 | 01420nam a2200229Ia 4500 | ||
|---|---|---|---|
| 003 | Ost | ||
| 005 | 20260507075323.0 | ||
| 008 | 260507s9999||||xx |||||||||||||| ||und|| | ||
| 020 | _a81263419779 | ||
| 040 | _cfsecg | ||
| 041 | _aara | ||
| 082 | _a658.848 | ||
| 100 |
_aشمت، نيفين حسين _eمؤلف |
||
| 245 | 0 |
_aالتسويق الدولي و الالكتروني / _c نيفين حسين شمت |
|
| 260 |
_aالاسكندرية: _bدار التعليم الجامعي, _c2010 |
||
| 300 |
_a334 صفحة؛ _bإيضاحات ؛ _c25 سم |
||
| 520 | _aتعريف التسويق و أهميته و مراحل تطور الفكر التسويقي، التسويق الدولي و استراتيجية الترويج، التسويق الالكتروني و التجارة الالكترونية، دور نظام المعلومات التسويقية و بحوث التسويق في تخطيط النشاط ، تقييم و تحليل البيئة الداخلية المنظمة كأساس لتحديد نقاط القوة و الضعف، تقسيم السوق الى قطاعات كأساس لتحديد الأسواق المستهدفة، التنبؤ بالطلب على السلع و الخدمات و أخيرا بحوث التسويق | ||
| 653 | _aالتجارة الخارجية | ||
| 653 | _aالتسويق الإلكتروني | ||
| 653 | _aالتسويق الدولي | ||
| 942 | _cكتاب | ||
| 999 |
_c43945 _d43945 |
||